书目信息 |
| 题名: |
千只鹤
|
|
| 作者: | 川端康成 著 ;高慧勤 译 | |
| 分册: | ||
| 出版信息: | 苏州 古吴轩出版社 2023 |
|
| 页数: | 220页 | |
| 开本: | 19cm | |
| 丛书名: | 诺贝尔文学奖获奖作品 诺奖作家川端康成代表作 竹石文化 | |
| 单 册: | ||
| 中图分类: | I313.45 | |
| 科图分类: | ||
| 主题词: | 中篇小说--日本--现代 | |
| 电子资源: | ||
| ISBN: | 978-7-5546-2119-6 | |
| 000 | 01185nam0 2200277 450 | |
| 001 | 01154940 | |
| 005 | 20230716100203.0 | |
| 010 | @a978-7-5546-2119-6@dCNY49.00 | |
| 100 | @a20230516d2023 em y0chiy0120 ea | |
| 101 | 1 | @achi@cjpn |
| 102 | @aCN@b320000 | |
| 105 | @ay z 000ay | |
| 106 | @ar | |
| 200 | 1 | @a千只鹤@9qian zhi he@f(日)川端康成著@g高慧勤译 |
| 210 | @a苏州@c古吴轩出版社@d2023 | |
| 215 | @a220页@d19cm | |
| 225 | @a诺贝尔文学奖获奖作品 诺奖作家川端康成代表作 竹石文化 | |
| 300 | @a诺贝尔文学奖获奖作品 诺奖作家川端康成代表作 竹石文化 | |
| 330 | @a本书讲述了:三谷菊治的父亲生前与栗本千佳子和太田夫人有着十分复杂的感情纠葛。在三谷先生去世后,太田夫人与菊治在茶会上不期而遇,竟移情于他。两人相恋后,太田夫人因深受内心谴责而自尽。太田夫人的女儿文子与菊治的接触,始终在她母亲的阴影下进行,作为母亲的替身陪伴在菊治身边。命运的投影在生者与死者的身上交叠,平静的生活彻底脱轨向着不可知的方向开去。 | |
| 586 | @a | |
| 606 | 0 | @a中篇小说@y日本@z现代 |
| 690 | @aI313.45@v5 | |
| 701 | 0 | @c(日)@a川端康成@9chuan duan kang cheng@f(1899-1972)@4著 |
| 702 | 0 | @a高慧勤@9gao hui qin@f(1934-2008)@4译 |
| 801 | 0 | @aCN@c20230716 |
| 905 | @dI313.45@eC908-22@f2@sI313.45/C908-22@S@Z | |
| 千只鹤/(日)川端康成著/高慧勤译.-苏州:古吴轩出版社,2023 |
| 220页;19cm.-(诺贝尔文学奖获奖作品 诺奖作家川端康成代表作 竹石文化) |
| 诺贝尔文学奖获奖作品 诺奖作家川端康成代表作 竹石文化 |
| ISBN 978-7-5546-2119-6:CNY49.00 |
| 本书讲述了:三谷菊治的父亲生前与栗本千佳子和太田夫人有着十分复杂的感情纠葛。在三谷先生去世后,太田夫人与菊治在茶会上不期而遇,竟移情于他。两人相恋后,太田夫人因深受内心谴责而自尽。太田夫人的女儿文子与菊治的接触,始终在她母亲的阴影下进行,作为母亲的替身陪伴在菊治身边。命运的投影在生者与死者的身上交叠,平静的生活彻底脱轨向着不可知的方向开去。 |
| ● |
| 相关链接 |
|
|
|
正题名:千只鹤
索取号:I313.45/C908-22
 
预约/预借
| 序号 | 登录号 | 条形码 | 馆藏地/架位号 | 状态 | 备注 |
| 1 | 21620659 | 216206594 | 文学库116/116文学库 14排2列4层/ [索取号:I313.45/C908-22] | 在馆 | |
| 2 | 21620660 | 216206601 | 文学库116/116文学库 14排2列4层/ [索取号:I313.45/C908-22] | 在馆 |